000 00526nam a2200181 a 4500
005 20140412111236.0
008 010530s19uu xx 00 eng d
020 _a0-590-43095-5
050 _aER
_bCl61Wo 1990
100 _aBridwell, Norman
245 _aClifford's word book /
_cstory and pictures by Norman Bridwell.
260 _aNew York :
_bScholastic Inc,
_c1990.
300 _a1v. (unp.) ; ill.
440 _aClifford: The Big Red Dog
650 _aDogs-Stories
650 _aChildren's stories
999 _c102428
_d102428